00441nam a2200145Ia 4500008004100000100002400041245007000065245002300135260002400158260000900182300002200191440003200213650001900245650003100264190912s9999 xx 000 0 und d aVillanueva, Rhodina aClimate change threat more urgent than science chief resignation/ cRhodina Villanueva bThe Philippine Star c2018 aAugust 28, page 7 aThe Philippine Starv33: 32 aClimate change aScience -- Climatic change